Normal view MARC view

Entry Nombre corporativo

Number of records used in: 2

001 - NÚMERO DE CONTROL

  • campo de control: 6670

003 - IDENTIFICADOR DE NÚMERO DE CONTROL

  • campo de control: OSt

005 - FECHA Y HORA DE LA ÚLTIMA TRANSACCIÓN

  • campo de control: 20230222191750.0

008 - ELEMENTOS DE DATO DE LONGITUD-FIJA

  • campo de control de longitud fija: 070927 n acnnnaaan n bnn d

040 ## - FUENTE DE CATALOGACIÓN

  • Centro catalogador/agencia de origen: OSt
  • Centro/agencia transcriptor: OSt

110 2# - ENCABEZAMIENTO-NOMBRE DE ENTIDAD CORPORATIVA

  • Nombre de entidad corporativa o nombre de jurisdicción como elemento de entrada: Sociedad de Estudios Internacionales y Coloniales

410 2# - TRAZADO DE VÉASE--NOMBRE DE ENTIDAD CORPORATIVA

  • Nombre de entidad corporativa o nombre de jurisdicción como elemento de entrada: S.E.I.C.

510 2# - TRAZADO DE VÉASE ADEMÁS--NOMBRE DE ENTIDAD CORPORATIVA

  • Nombre de entidad corporativa o nombre de jurisdicción como elemento de entrada: Sociedad de Estudios Internacionales

670 ## - FUENTE DE DATOS ENCONTRADOS

  • Cita de la fuente: WWW de la Sociedad de Estudios Internacionales, 05-02-2007 (El 18 de en. 1934 se creó la Sociedad de Estudios Internacionales y Coloniales, que se domicilió en el Ateneo de Madrid; después de 1939 pasó a establecer su sede en el Instituto Francisco de Vitoria del Consejo Superior de Investigaciones Científicas)